Guided weapons (Vol-1) / (Record no. 186314)
[ view plain ]
| 000 -LEADER | |
|---|---|
| fixed length control field | 01010 a2200253 4500 |
| 003 - CONTROL NUMBER IDENTIFIER | |
| control field | NUST |
| 005 - DATE AND TIME OF LATEST TRANSACTION | |
| control field | 20221229140734.0 |
| 010 ## - LIBRARY OF CONGRESS CONTROL NUMBER | |
| LC control number | 88010543 |
| 020 ## - INTERNATIONAL STANDARD BOOK NUMBER | |
| International Standard Book Number | 0080358276 (soft) : |
| 020 ## - INTERNATIONAL STANDARD BOOK NUMBER | |
| International Standard Book Number | 0080358284 : |
| 040 ## - CATALOGING SOURCE | |
| Transcribing agency | Nust |
| 082 00 - DEWEY DECIMAL CLASSIFICATION NUMBER | |
| Classification number | 355.82,LEE |
| 100 ## - MAIN ENTRY--PERSONAL NAME | |
| Personal name | LEE, R. G. |
| 9 (RLIN) | 42226 |
| 245 00 - TITLE STATEMENT | |
| Title | Guided weapons (Vol-1) / |
| Statement of responsibility, etc. | R.G. Lee ... [et al.]. |
| 250 ## - EDITION STATEMENT | |
| Edition statement | 1st ed. |
| 260 ## - PUBLICATION, DISTRIBUTION, ETC. | |
| Place of publication, distribution, etc. | London ; |
| -- | Washington : |
| Name of publisher, distributor, etc. | Brassey's Defence Publishers, |
| Date of publication, distribution, etc. | 1988. |
| 300 ## - PHYSICAL DESCRIPTION | |
| Extent | xv, 286 p. : |
| Other physical details | ill. ; |
| Dimensions | 26 cm. |
| 440 #0 - SERIES STATEMENT/ADDED ENTRY--TITLE | |
| Title | Land warfare ; |
| Volume/sequential designation | v. 1 |
| 9 (RLIN) | 102996 |
| 505 ## - FORMATTED CONTENTS NOTE | |
| Formatted contents note | Introduction to guided weapons (Page-1), Propulsion (Page-7), Electrical power supplies (Page-43), Airframes (Page-93), Guidance (Page-119), Control (Page-141), Warheads (Page-159), Anti Tank guided weapons (Page-177), Surface to air guided weapons (Page-201), Surface to surface guided weapons (Page-221). |
| 650 #0 - SUBJECT ADDED ENTRY--TOPICAL TERM | |
| Topical term or geographic name entry element | Antitank weapons. |
| 9 (RLIN) | 106396 |
| 650 #0 - SUBJECT ADDED ENTRY--TOPICAL TERM | |
| Topical term or geographic name entry element | Guided missiles. |
| 9 (RLIN) | 42228 |
| 700 1# - ADDED ENTRY--PERSONAL NAME | |
| Personal name | Lee, R. G. |
| 9 (RLIN) | 42226 |
| 942 ## - ADDED ENTRY ELEMENTS (KOHA) | |
| Source of classification or shelving scheme | |
| Koha item type | Book |
| Call number prefix | 355.82,LEE |
| Withdrawn status | Lost status | Source of classification or shelving scheme | Damaged status | Not for loan | Permanent Location | Current Location | Shelving location | Date acquired | Full call number | Barcode | Date last seen | Price effective from | Koha item type | Public note |
|---|---|---|---|---|---|---|---|---|---|---|---|---|---|---|
| Military College of Signals (MCS) | Military College of Signals (MCS) | General Stacks | 12/12/2016 | 355.82,LEE | MCS21431 | 12/08/2016 | 12/12/2016 | Book | Almirah No.53, Shelf No.4 |
